Engineering mechanics 2015 : extended abstracts. 21st International conference. Svratka, ČR, 11. - 14. 5. 2015 /

Salvato in:
Dettagli Bibliografici
Ente Autore: Engineering mechanics 2015 Svratka, Česká republika
Altri autori: Náprstek, Jiří (Redattore), Fischer, Cyril (Redattore)
Natura: Atti del Convegno Libro
Lingua:inglese
Pubblicazione: Praha : Institute of Theoretical and Applied Mechanics, 2015
Edizione:1st. ed.
Tags: Aggiungi Tag
Nessun Tag, puoi essere il primo ad aggiungerne!!

MARC

LEADER 00000nam a22000003a 4500
001 0004728
003 SK-STU
005 20220509084353.2
007 ta
008 150518s ----xo-----e------100-0-----d
020 |a 978-80-86246-42-0 
022 |a 1805-8248 
040 |a STU  |b slo 
041 0 |a eng 
044 |a xr 
111 2 |a Engineering mechanics 2015  |n 21st  |d 11. - 14. 5. 2015  |c Svratka, Česká republika 
245 1 0 |a Engineering mechanics 2015 :  |b extended abstracts. 21st International conference. Svratka, ČR, 11. - 14. 5. 2015 /  |c ed. Jiří Náprstek, Cyril Fischer 
250 |a 1st. ed. 
260 |a Praha :  |b Institute of Theoretical and Applied Mechanics,  |c 2015 
300 |a 390 p. 
700 1 |a Náprstek, Jiří  |4 edt 
700 1 |a Fischer, Cyril  |4 edt 
996 |c V* 2171/sc-15  |l VV1  |s P  |a 0  |w 0004728_0001 
996 |c V* 2172/sc-15  |l VV1  |s P  |a 0  |w 0004728_0002 
996 |c V* 2173/sc-15  |l VV1  |s P  |a 0  |w 0004728_0003 
996 |c V* 2174/sc-15  |l VV14  |s P  |a 0  |w 0004728_0004 
996 |c V* 2175/sc-15  |l VV1  |s P  |a 0  |w 0004728_0005 
996 |c V* 2177/sc-15  |l VV1  |s P  |a 0  |w 0004728_0006 
996 |c V* 2178/sc-15  |l VV14  |s P  |a 0  |w 0004728_0007